Góp phần nghiên cứu hiến pháp và nhà nước pháp quyền

保存先:
書誌詳細
第一著者: Bùi Ngọc Sơn.
フォーマット: 図書
言語:Vietnamese
出版事項: Tư pháp 2005
タグ: タグ追加
タグなし, このレコードへの初めてのタグを付けませんか!
Thư viện lưu trữ: Mạng thư viện Đại học Đà Nẵng
LEADER 00656nam a2200253 4500
001 000020564
003 17010
005 20150323100332.0
008 150323s2005 viesd
020 |c 30500 
041 0 |a vie 
082 1 4 |a 342.597  |b BU-S 
100 1 |a Bùi Ngọc Sơn. 
245 1 0 |a Góp phần nghiên cứu hiến pháp và nhà nước pháp quyền  |c Bùi Ngọc Sơn. 
260 |b Tư pháp  |c 2005 
300 |a tr.  |c cm. 
OWN |a LSP 
999 |a From the UDN01 
TYP |a Monograph 
TYP |a Printed language 
980 |a Mạng thư viện Đại học Đà Nẵng